000 00901nam a2200229Ia 4500
005 20250108124825.0
008 008 250107s9999 xx 000 0 hin d
020 _a978-93-84753-54-2
037 _aTB
040 _aCRL
_bhin
_cCRL
041 _ahin
_2hin
084 _aYZwM27 152P9
084 _qCRL
100 _aश्रीवास्तव, पुरूषोत्तम, ले.
_9623924
245 0 _aचलें नित्य की ओर: पुरू सतसई
_cश्रीवास्तव, पुरूषोत्तम, ले.
260 _aजयपुर, भारत
_bपुरूषोत्तम श्रीवास्तव
_c2319
300 _a116पृ0
365 _aINR
_b125
650 _aहिन्दी कविताहिन्दी साहित्य
_9729733
942 _cTB
_hYZwM27 152P9
999 _c1234707
_d1234707